Základy konzervace potravin

Saved in:
Bibliographic Details
Main Author: Kyzlink, Vladimír
Format: Book
Language:Undetermined
Published: Praha SNTL 1980
Online Access:View in OPAC
Tags: Add Tag
No Tags, Be the first to tag this record!

MARC

LEADER 00000nam a2200000 a 4500
005 20260127133946.0
008 961029s1980 xx 0 und c
035 |a vtls001264558 
035 |a SNK000215482 
039 9 |a 200708081021  |b mschk03  |y 200412271030  |z VLOAD 
040 |a SNK  |b slo  |c SNK  |d STUSCHK1  |e AACR2 
100 1 |a Kyzlink, Vladimír 
245 1 |a Základy konzervace potravin 
260 |a Praha  |b SNTL  |c 1980 
300 |a 513 s. 
910 |a SCHK95 
999 |c 924  |d 924 
942 0 0 |0 4